Normal view
MARC view
- Gajski,D.D
Entry Personal Name
001 - CONTROL NUMBER
- control field: 112720
003 - CONTROL NUMBER IDENTIFIER
- control field: NUST
005 - DATE AND TIME OF LATEST TRANSACTION
- control field: 20230526181114.0
008 - FIXED-LENGTH DATA ELEMENTS
- fixed length control field: 230526|| aca||aabn | a|a d
040 ## - CATALOGING SOURCE
- Original cataloging agency: NUST
- Transcribing agency: NUST
100 ## - HEADING--PERSONAL NAME
- Personal name: Gajski,D.D
670 ## - SOURCE DATA FOUND
- Source citation: Work cat.: (NUST)176297: Gajski,D.D, tutorial Computer Architecture /
